青海省地图点选 Qinghai Click Map - Statistics

General Stats
  • This quiz has been taken 22 times
  • The average score is 8 of 8
Answers on the Map
Answers color-coded by a green-red scale on the quiz's map according to % correct below.
 
Answer Stats
Answer % Correct
西宁市
100%
海东市
100%
海北藏族自治州
100%
玉树藏族自治州
95%
海西蒙古族藏族自治州
95%
海南藏族自治州
90%
黄南藏族自治州
85%
果洛藏族自治州
85%
No matching quizzes found
Score Distribution
Percent of People with Each Score
Percentile by Number Answered
Your Score History
You have not taken this quiz